000 00426cam a2200145 4500
082 0 0 _a427
_bGER
_cL-29, P-122
100 1 _aGerber, Philip L.,
_938874
245 1 0 _aLessons in language
_c[by] Philip L. Gerber.
260 _aBelmont, Calif.,
_bWadsworth Pub. Co.
_c[1968]
300 _axii, 339 p.
_c22 cm.
526 _a0
_b0
_c0
_d427_000000000000000_GER
650 0 _aEnglish language.
650 0 _aMCE
_9379
942 _2ddc
_cBK
999 _c543496
_d543496